Industrial concentration and inflation
Gespeichert in:
| 1. Verfasser: | |
|---|---|
| Format: | Buch |
| Sprache: | Englisch |
| Veröffentlicht: |
Washington
American Enterprise Institute for Public Policy Research
1975
|
| Tags: |
Keine Tags, Fügen Sie das erste Tag hinzu!
|
MARC
| LEADER | 00000nam a2200000 4500 | ||
|---|---|---|---|
| 001 | c142809 | ||
| 005 | 20041019155325.9 | ||
| 041 | 0 | |a eng | |
| 044 | |a US | ||
| 245 | 1 | 0 | |a Industrial concentration and inflation |c Steven Lustgarten |
| 264 | 1 | |a Washington |b American Enterprise Institute for Public Policy Research |c 1975 | |
| 300 | |a 55 s. | ||
| 100 | 1 | |a Lustgarten, Steven | |